000 nam a22 a 4500
999 _c390776
_d390776
003 BLK
005 20201029111956.0
008 180911b bul|||||r ||||||| ||bul||
010 _a004530
040 _aBLK
041 _aFRE
_cFRE
080 _aИстория на Франция
_b94(44)
_z94(44)
080 _aДипломатическо право. Посланническо право. Дипломатически протокол(церемониал, етикет, йерархия)
_b341.7
_x(44)
_z341.7(44)
080 _aИстория на Белгия
_b94(493)
_z94(493)
100 _aDe La Vega, Garcia
_91299
_eпърви автор
139 _aDe La Vega, Garcia
245 0 0 _aGuide pratique des agents politiques du Ministere des affaires etrangeres
_bCeremonial national et ceremonial de la cour en Belgique
_cGarcia De La Vega.
250 _a3. Ed., rev., corr. et augm.
257 _aFRA
260 _aParis
_bErnest Thorin
_c1882
_9435712
300 _a686 c.
_c21 см
380 _a9
490 _aКолекция Редки и ценни издания
_9435080
650 0 _9320945
_aЦеремониал, дворцов
653 7 _9200435
_aцеремониал
653 7 _9181789
_aБелгия
653 7 _9199559
_aФранция
852 _aРф 882
_bРц
942 _cKNG
_n0
_s1
944 _aCR
_c2020-10-28
_kТД
999 _d390776
999 _d390776
999 _d390775
999 _d390775
999 _d344864
999 _d344864